000 00922nam a2200229 i 4500
001 179412
003 ES-MaACL
005 20231214203316.0
008 111118s2005 sp a |||| | spa d
080 _a75 Willeboirts Bosschaert, Th.
100 1 _aDíaz Padrón, Matías,
_d1934-2022
_944376
245 1 4 _aUna nueva pintura de Thomas Willeboirts Bosschaert en España
_b: San Francisco y el ángel músico /
_cMatías Díaz Padrón.
260 _a[Valladolid :
_bUniversidad de Valladolid],
_c2005.
300 _ap. [349]-355 :
_bil. ;
_c24 cm.
504 _aReferencias bibliográficas.
595 _aSeparata de: BSAA arte, Boletín del Seminario de Estudios de Arte, n. 71, 2005.
600 1 4 _aWilleboirts Bosschaert, Thomas.
_9148573
700 1 _aWilleboirts Bosschaert, Thomas.
_9148573
710 2 _aUniversidad de Valladolid.
_97332
852 _aES-MaACL
_j2290-F-9
999 _c179412
_d179412